000 00855cam a2200229 4500
001 WB3735-23
008 010919n2001 000 0 eng u
035 _a(Sirsi) u114642
245 _aProfitability of urban schemes
260 _c2001
490 _aUrban Environment Today
_v(130) 13 September 2001, 4(1)
520 _aRICS launches research project into the performance of investment in urban regeneration developments to provide benchmarks that indicate risks involved. Private sector backing for regeneration schemes is hoped to be increased by the study.
590 _aWB
650 _aRICS RESEARCH
650 _aURBAN REGENERATION
650 _aUNIVERSITY OF ULSTER
650 _aUNIVERSITY OF ABERDEEN
650 _aUNIVERSITY OF GLASGOW
650 _aECONOMIC AND SOCIAL RESEARCH COUNCIL
690 _aREGENERATION
942 _n0
999 _c68304
_d68304